| 000 | 00439nam a2200145Ia 4500 | ||
|---|---|---|---|
| 008 | 220325s9999||||xx |||||||||||||| ||und|| | ||
| 020 | _a978-602-8733-77-9 | ||
| 084 | _a1132-0022 SOL Plc Bo | ||
| 100 | _aChabib Soleh | ||
| 245 | 0 | _aMenilai Kinerja Pemerintahan Daerah | |
| 260 |
_aBandung _bFokusmedia _c2011 |
||
| 300 | _ai-ix + 294 hlm | ||
| 650 |
_aPolicy (Kebijakan, Kebijakan Publik) _eP-L-C _yKinerja Pemerintah Daerah |
||
| 942 | _cBK | ||
| 999 |
_c18748 _d18748 |
||